A general text book for the constant use and reference of architects, engineers, surveyors, solicitors, auctioneers, land agents, and stewards in all their several and varied professional occupations (Record no. 114033)

MARC details
000 -LEADER
fixed length control field 01008cam a22002055a 4500
001 - CONTROL NUMBER
control field L156103
008 - FIXED-LENGTH DATA ELEMENTS--GENERAL INFORMATION
fixed length control field 120430s1854 xxk f 000 0 eng d
035 ## - SYSTEM CONTROL NUMBER
System control number (Sirsi) u156103
041 0# - LANGUAGE CODE
Language code of text/sound track or separate title eng
100 1# - MAIN ENTRY--PERSONAL NAME
Personal name Ryde, Edward
245 02 - TITLE STATEMENT
Title A general text book for the constant use and reference of architects, engineers, surveyors, solicitors, auctioneers, land agents, and stewards in all their several and varied professional occupations
Remainder of title and for assistance and guidance of country gentlemen and others engaged in the transfer, management, or improvement of landed property ...
Statement of responsibility, etc. by Edward Ryde ; to which are added several chapters on agriculture and landed property by Professor Donaldson
260 ## - PUBLICATION, DISTRIBUTION, ETC.
Place of publication, distribution, etc. London
Name of publisher, distributor, etc. John Weale
Date of publication, distribution, etc. 1854
300 ## - PHYSICAL DESCRIPTION
Extent 1085 p., 14 (fold.) plates
Other physical details ill.
Dimensions 25 cm.
583 ## - ACTION NOTE
Action Condition reviewed
Time/date of action 20120620
Status condition level 1
651 #4 - SUBJECT ADDED ENTRY--GEOGRAPHIC NAME
Geographic name Great Britain
Chronological subdivision 1707-
690 ## - LOCAL SUBJECT ADDED ENTRY--TOPICAL TERM (OCLC, RLIN)
Topical term or geographic name as entry element Design and specification
690 ## - LOCAL SUBJECT ADDED ENTRY--TOPICAL TERM (OCLC, RLIN)
Topical term or geographic name as entry element Rural
9 (RLIN) 6268
700 1# - ADDED ENTRY--PERSONAL NAME
Personal name Donaldson, John
Dates associated with a name 1799-1876
942 ## - ADDED ENTRY ELEMENTS (KOHA)
Suppress in OPAC 0
Holdings
Withdrawn status Lost status Source of classification or shelving scheme Damaged status Not for loan Home library Current library Shelving location Date acquired Total Checkouts Full call number Barcode Date last seen Copy number Price effective from Koha item type
    Dewey Decimal Classification     Historic collection Historic collection Historic collection 30/04/2012   QUARTO 1854 RYDE 30077980 06/08/2019 1 06/08/2019 Book